| 000 | 00835nam a22002657a 4500 | ||
|---|---|---|---|
| 005 | 20170123162307.0 | ||
| 010 | _aB-024536 | ||
| 020 | _c125.00 | ||
| 035 | _aB-024536 | ||
| 037 | _bCen Lib/Ret | ||
| 040 |
_aDPL _bUR |
||
| 082 |
_a080 _bذ اک |
||
| 100 |
_aزاکر حسین _9111296 |
||
| 245 |
_aہندوستان و ملک غیر / _cزاکر حسین |
||
| 246 |
_aHindustan aur mulk gair / _bby Zakir Husain |
||
| 260 |
_aپٹنہ _bخدا بخش ورئیےنٹل پبلک لائبریری _c1998 |
||
| 270 |
_bپٹنہ _e110002 |
||
| 300 |
_a288p. _c21cm(Hb) |
||
| 500 | _aاشاریہ | ||
| 650 |
_a اردو صحافت _9462 |
||
| 650 |
_aتقابلی مطالعہ _91541 |
||
| 650 |
_aUrdu journalism _9108864 |
||
| 650 |
_aCompartive study _9111297 |
||
| 942 |
_2ddc _cUR _h080 _mذ اک |
||
| 999 |
_c106397 _d106397 |
||